The object advantage: business process reengineering with object technology
Shranjeno v:
| Main Authors: | , , |
|---|---|
| Format: | Knjiga |
| Jezik: | angleščina |
| Izdano: |
Essex
Addison-Wesley
1994
|
| Teme: | |
| Oznake: |
Označite
Brez oznak, prvi označite!
|
MARC
| LEADER | 00000nam a2200000 a 4500 | ||
|---|---|---|---|
| 001 | UCQ5007 | ||
| 003 | CL-VaPUC | ||
| 008 | 980921e19940000UK |||||||||||||||||eng|d | ||
| 020 | |a 0201422891 | ||
| 082 | 0 | 4 | |a 005.1 |b JAC |2 21 |
| 100 | |a Jacobson, Ivar |e author |9 534195 | ||
| 700 | 0 | |a Ericsson, Maria |e author |9 419146 | |
| 700 | 0 | |a Jacobson, Agneta |e author |9 419147 | |
| 245 | 1 | 4 | |a The object advantage: business process reengineering with object technology |
| 300 | |a 347 p | ||
| 942 | |c BK | ||
| 945 | |d 19980921 00:00:00 |a mvenant | ||
| 260 | |a Essex |b Addison-Wesley |c 1994 | ||
| 650 | 7 | |a INGENIERIA EMPRESARIAL |2 CL-VaPUC |9 419148 | |
| 650 | 7 | |a SISTEMAS ORIENTADOS A OBJETOS |2 CL-VaPUC |9 419149 | |
| 650 | 0 | |a Orientación a objetos |9 419150 | |
| 650 | 0 | |a Empresas |9 255569 | |
| 583 | |a last modification |c 20150417 17:45:01 |k Rodrigo Vera | ||
| 999 | |c 275272 |d 275270 | ||
| 952 | |0 0 |1 0 |4 0 |6 005_100000000000000_JAC_1994 |7 0 |8 P |9 311907 |a BIBING |b BIBING |d 2019-11-20 |i 3463559 |o 005.1 JAC 1994 |p 3463559 |r 2024-01-25 |w 2019-11-20 |y BK |k EII | ||
| 952 | |0 0 |1 0 |4 0 |6 005_100000000000000_JAC_1994 |7 0 |8 P |9 311908 |a BIBING |b BIBING |d 2019-11-20 |i 3463567 |o 005.1 JAC 1994 |p 3463567 |r 2024-01-25 |w 2019-11-20 |y BK |k EII | ||
| 952 | |0 0 |1 0 |4 0 |6 005_100000000000000_JAC_1994 |7 0 |8 P |9 311909 |a BIBING |b BIBING |d 2019-11-20 |i 3741540 |o 005.1 JAC 1994 |p 3741540 |r 2024-01-25 |w 2019-11-20 |y BK |k EII | ||